Natación

保存先:
書誌詳細
第一著者: Carlile, Forbes (著者)
フォーマット: 図書
言語:スペイン語
出版事項: Buenos Aires Paidós 1967
シリーズ:Biblioteca de educación física, 4
主題:
タグ: タグ追加
タグなし, このレコードへの初めてのタグを付けませんか!

MARC

LEADER 00000nam a2200000 a 4500
001 UCZ0230
003 CL-VaPUC
008 950724e19670926AG |||||||||||||||||spa|d
082 0 4 |a 797.21  |b CAR  |2 21 
100 0 |a Carlile, Forbes  |e author  |9 342916 
245 1 0 |a Natación 
300 |a 227 p 
942 |c BK 
945 |d 19950724 00:00:00  |a lriquelm 
260 |a Buenos Aires  |b Paidós  |c 1967 
650 7 |a DEPORTES ACUATICOS  |2 CL-VaPUC  |9 262007 
650 0 |a Natación  |9 307454 
650 7 |a ENTRENAMIENTO ATLETICO  |2 CL-VaPUC  |9 342917 
583 |a last modification  |c 19950724 00:00:00  |k Rodrigo Vera 
490 0 |a Biblioteca de educación física, 4 
999 |c 237191  |d 237189 
952 |0 0  |1 0  |4 0  |6 797_210000000000000_CAR_1967  |7 0  |8 P  |9 246028  |a BIBEDU  |b BIBEDU  |c BIBEDU_PB  |d 2019-11-18  |i 1541366  |o 797.21 CAR 1967  |p 1541366  |r 2024-01-25  |w 2019-11-18  |y BK  |k EDU